000 00819cam a2200277 4500
001 ABS61778
008 000000n2000 000 0 eng u
035 _a(Sirsi) u104109
245 _aFocus 2000: Norfolk and Suffolk
260 _c2000
490 _aEstates Gazette
_v(0005) 5 February 2000, 81-111(12)
590 _aABS
650 _aNORFOLK
650 _aSUFFOLK
650 _aEAST ANGLIA
650 _aNORWICH
650 _aCAMBRIDGE
650 _aBURY ST EDMUNDS
650 _aIPSWICH
650 _aFELIXSTOWE
650 _aINDUSTRIAL MARKET
650 _aPROPERTY-COMMERCIAL PROPERTY-RETAIL PROPERTY-RETAIL PROPERTY MARKET
650 _aPROPERTY-COMMERCIAL PROPERTY-OFFICE PROPERTY-OFFICE PROPERTY MARKET
690 _aPROPERTY-COMMERCIAL PROPERTY-COMMERCIAL PROPERTY MARKET
942 _n0
999 _c62484
_d62484